Normal view
MARC view
Entry Personal Name
001 - CONTROL NUMBER
- control field: 2656
003 - CONTROL NUMBER IDENTIFIER
- control field: BD-RjUL
005 - DATE AND TIME OF LATEST TRANSACTION
- control field: 20220421151848.0
008 - FIXED-LENGTH DATA ELEMENTS
- fixed length control field: 220421|| aca||aabn | a|a d
040 ## - CATALOGING SOURCE
- Original cataloging agency: BD-RjUL
- Transcribing agency: BD-RjUL
100 ## - HEADING--PERSONAL NAME
- Personal name: Sabbih, Mostafa Amir
670 ## - SOURCE DATA FOUND
- Source citation: Work cat.: (BD-RjUL)79748: Rahman, Mustafizur 441, Contextualising SDG Targets for the Senior Citizens in Bangladesh :, 2020